000 00462nam a2200157 i 4500
001 104582
003 ES-MaACL
007 t|
008 051201s1937 xxr ||||1| eng d
100 1 _aMiller, A. D.
_981198
245 1 0 _aEnglish-Russian dictionary /
_cedited by A. D. Miller.
260 _aMoscow :
_bInstitute "Soviet Enciclopaedia",
_c1937.
300 _a552 p. ;
_c18 cm.
500 _aLa portada está en ruso.
852 _aES-MaACL
_jG-13225
_bR.26222
999 _c104582
_d104582